It can't be done, Nellie Bly! : (Record no. 222)

MARC details
000 -LEADER
fixed length control field 01262nam a22003617a 4500
001 - CONTROL NUMBER
control field 222
003 - CONTROL NUMBER IDENTIFIER
control field FISKH
005 - DATE AND TIME OF LATEST TRANSACTION
control field 20230307093513.0
008 - FIXED-LENGTH DATA ELEMENTS--GENERAL INFORMATION
fixed length control field 230307b cb ||||| |||| 00| 0 eng d
010 ## - LIBRARY OF CONGRESS CONTROL NUMBER
LC control number 2022287931
020 ## - INTERNATIONAL STANDARD BOOK NUMBER
International Standard Book Number 9781561456864
Qualifying information (PB)
020 ## - INTERNATIONAL STANDARD BOOK NUMBER
International Standard Book Number 9781561452897
Qualifying information (HC)
040 ## - CATALOGING SOURCE
Original cataloging agency DLC
Language of cataloging eng
Transcribing agency DLC
Description conventions rda
Modifying agency DLC
042 ## - AUTHENTICATION CODE
Authentication code pcc
050 ## - LIBRARY OF CONGRESS CALL NUMBER
Classification number PN4784.C59
082 ## - DEWEY DECIMAL CLASSIFICATION NUMBER
Classification number 070.92
100 1# - MAIN ENTRY--PERSONAL NAME
Personal name Butcher Nancy,
Relator term author.
245 10 - TITLE STATEMENT
Title It can't be done, Nellie Bly! :
Remainder of title a reporter's race around the world /
Statement of responsibility, etc. by Nancy Butcher
246 3# - VARYING FORM OF TITLE
Title proper/short title It can not be done, Nellie Bly!
250 ## - EDITION STATEMENT
Edition statement Revised edition.
264 #1 - PRODUCTION, PUBLICATION, DISTRIBUTION, MANUFACTURE, AND COPYRIGHT NOTICE
Place of production, publication, distribution, manufacture Shenzhen
Name of producer, publisher, distributor, manufacturer Peachtree Publishers
Date of production, publication, distribution, manufacture, or copyright notice 2013
300 ## - PHYSICAL DESCRIPTION
Extent 84 p.
Other physical details illustrations ;
Dimensions 20 cm
336 ## - CONTENT TYPE
Content type term text
Content type code txt
Source rdacontent
337 ## - MEDIA TYPE
Media type term unmediated
Media type code n
Source rdamedia
338 ## - CARRIER TYPE
Carrier type term volume
Carrier type code nc
Source rdacarrier
504 ## - BIBLIOGRAPHY, ETC. NOTE
Bibliography, etc. note Includes bibliographical references (pages [86]-87).
505 ## - FORMATTED CONTENTS NOTE
Formatted contents note M
520 ## - SUMMARY, ETC.
Summary, etc. In 1888, a young, female reporter for New York World newspaper sets out to travel around the world in fewer than eighty days, while a Cosmopolitan magazine reporter tries to beat her to the goal.
521 8# - TARGET AUDIENCE NOTE
Target audience note 750 <br/>
Source Lexile
521 8# - TARGET AUDIENCE NOTE
Target audience note M
Source Raz-Plus
906 ## - LOCAL DATA ELEMENT F, LDF (RLIN)
a 0
b ibc
c origres
d 1
e ncip
f 20
g y-gencatlg
942 ## - ADDED ENTRY ELEMENTS (KOHA)
Source of classification or shelving scheme Dewey Decimal Classification
Koha item type Books
Suppress in OPAC No
Holdings
Withdrawn status Lost status Source of classification or shelving scheme Damaged status Not for loan Collection Home library Current library Shelving location Date acquired Total Checkouts Full call number Barcode Date last seen Price effective from Koha item type
    Dewey Decimal Classification     Non-Fiction Footprints International School Library Network Toul Kork Campus Footprints International School Library Network Toul Kork Campus TK Primary Library Room(4th Floor), Bookcase 5&6, Shelves 33-56, Orange Books 03/07/2023   BUT 070.92 PN4784.C59 FISTK00080 03/07/2023 03/07/2023 Books